[Event "ISR-ch op"]
[Site "Ramat Aviv"]
[Date "1999.??.??"]
[Round "?"]
[White "Kraidman, Yair"]
[Black "Yudasin, Leonid"]
[Result "0-1"]
[WhiteElo "2350"]
[BlackElo "2549"]
[Annotator "Yudasin,L"]
[PlyCount "98"]
[EventDate "1999.03.28"]
[EventType "swiss"]
[EventRounds "9"]
[EventCountry "ISR"]
[SourceTitle "CBM 070"]
[Source "ChessBase"]
[SourceDate "1999.06.08"]
[SourceVersion "1"]
[SourceVersionDate "1999.06.08"]
[SourceQuality "1"]

1. d4 {Tyomkin,D} Nf6 2. c4 e6 3. Nf3 c5 4. d5 exd5 5. cxd5 d6 6. Nc3 g6 7. e4
a6 8. a4 Bg4 9. Be2 Bg7 10. Be3 $146 {intending Nd2-c4 without closing the
bishop on-c1.The other idea is to play Bd4 or Bb6 while black plays c5-c4.} (
10. Nd2 Bxe2 11. Qxe2 Nbd7 12. Nc4 Nb6 13. e5 dxe5 14. Qxe5+ Kf8 15. Nxb6 Qxb6
16. O-O Re8 17. Qf4 h5 18. a5 Qb3 19. Qc7 $16 {1-0 Benjamin,J-De Firmian,N/New
York 1993/TD (37)}) 10... O-O ({It was possible:} 10... Bxf3 11. Bxf3 Nbd7 12.
Bf4 {,but black is waiting for h2-h3.}) 11. O-O Nbd7 12. Re1 {On each move
white could play Nd2 and black could capture the Nf3,but both sides are trying
to gain a tempo.} (12. h3 Bxf3 13. Bxf3 Rc8 {Sometimes black doesn't need Re8.}
) 12... Re8 (12... Rc8 13. Nd2 {[%csl Gc4]}) (12... Qc7 13. Rc1 {[%cal Yc1c7]})
(12... Qe7 13. h3) 13. h3 (13. Qc2 Rc8 {and white queen isn't placed well}) (
13. Nd2 $5 Bxe2 14. Qxe2 (14. Rxe2 Ng4) 14... Nh5 $5 (14... Rb8 {[%cal Gb7b5]})
(14... h5 $5 {[%cal Gf6g4]})) 13... Bxf3 14. Bxf3 Rc8 (14... c4 {-like in the
game.}) 15. a5 c4 {[%cal Gd7c5,Gc5d3,Gc5b3]} (15... Z0 16. Ra4 $16) 16. Ra4 $1
{[%csl Yc4] aimed against Nc5.} Ne5 $1 17. Be2 (17. Bb6 Qe7 18. Be2 Nfd7 19.
Bd4 Nc5 (19... Bh6 $5 20. g3) 20. Bxc5 Rxc5 21. f4 Nd3 (21... Nd7 $5 22. Bxc4
$140 $2 (22. Rxc4 Rxa5) 22... b5 $1) 22. Bxd3 cxd3 23. Qxd3 Bxc3 (23... Qc7 24.
e5 $5 Rxa5 25. Rae4 $36) 24. bxc3 Qc7 $11) 17... Nfd7 $1 18. f4 $1 {Otherwise
black would play Nd7-c5 or even f7-f5 getting an initiative.} Bh6 (18... Nd3
$142 $1 19. Bxd3 cxd3 20. Qxd3 Nc5 21. Bxc5 Rxc5 {and now isn't dangerous:} 22.
e5 Rxa5 $1 (22... dxe5 23. d6 $1 $36) 23. Rae4 dxe5 24. fxe5 (24. d6 $140 f5 $1
) 24... Qb6+ $132 {[%cal Gb6b2] Weekness of R on-a5 compensates by pawn up and
counterplay against the white K and Pe5.}) 19. Bf1 $1 {The simplest and the
best move.} Nd3 $8 20. Bxd3 cxd3 21. Qxd3 Nc5 (21... Qh4 22. Rf1) 22. Bxc5 Rxc5
23. e5 $1 {[%mdl 544] Black threatened to capture on-f4 or a5.} (23. b4 $2 Rc8
$36 {[%cal Gd8h4,Gd8c7,Gc7c4]}) 23... Rxa5 (23... dxe5 24. fxe5 (24. Ne4 Rxa5
$1 25. Nf6+ Kh8 26. Rxa5 Qxa5 {[%csl Re1]}) 24... Rxa5 25. Rb4 (25. Rae4 Qb6+
26. Kh1 Qxb2 27. e6 {[%csl Rg8] and black king has no defenders.}) 25... Bg7 $1
26. Rxb7 $13 (26. Qd4 $5)) 24. Rae4 {White has to keep pieces on the board to
make use of the strong center.} Qb6+ $6 (24... dxe5 25. fxe5 {[%cal Gd5d6,
Yc3d5,Ge5e6] was also dangerous for black,but better than in the game.}) 25.
Kh1 $1 (25. Kh2 {in some variations B takes on-f4 with the check.}) (25. Kf1
dxe5 $1 (25... Qxb2 26. exd6 Rxe4 27. Qxe4 $1 {[%cal Gd6d7]}) 26. Rxe5 (26.
fxe5 Qxb2 27. e6 $140 fxe6 {[%cal Ge8f8]}) 26... Rf8 $1 $13) 25... Qxb2 (25...
dxe5 26. d6 $1 $16 (26. fxe5 $40 {[%cal Gd5d6,Yc3d5,Ge5e6]})) 26. exd6 Rxe4 (
26... Rf8 27. d7 {[%cal Ge4e8]}) 27. Nxe4 $2 {That was the hope of black!} (27.
Qxe4 $2 Qxc3 28. d7 Rxd5 $1 {[%csl Re1]}) ({Correct was:} 27. Rxe4 $1 Qc1+ 28.
Nd1 (28. Kh2 $2 Bxf4+ {[%cal Gf4d6]}) 28... Ra1 (28... Ra3 29. Qe2 Ra1 30. Re8+
) 29. Re8+ $1 Bf8 (29... Kg7 30. Qd4+ f6 31. Re1 $1 $18) 30. d7 Qxd1+ 31. Qxd1
Rxd1+ 32. Kh2 Rxd5 33. d8=Q Rxd8 34. Rxd8 {White takes one of two black pawns
on the queenside an has good winning chances in that ending.}) 27... Ra1 $1 {[]
} 28. Qf1 $1 (28. Rxa1 Qxa1+ 29. Kh2 Bxf4+ 30. g3 Qb2+ 31. Kg1 Be5 32. d7 Qc1+
{[%cal Gc1c7]}) 28... Rxe1 29. Qxe1 Bxf4 $1 30. d7 (30. g3 {just weekens the
king.} Be5) 30... Bc7 $8 31. d6 Bd8 $1 {aimed against Ng5.} 32. Nc3 (32. Nc5
Kg7) 32... Kg7 $8 33. Kh2 $4 (33. Qe8 Qc1+ 34. Kh2 Qf4+ 35. Kh1 Bb6 $1 36. d8=Q
$140 Qf1+ 37. Kh2 Bg1+ 38. Kg3 Qf2+ 39. Kg4 h5+ 40. Kg5 Qg3#) ({but after} 33.
Qe5+ f6 34. Qe3 {[%cal Gc3e4] the game should be drawn.}) (33. Nd5 $1 {[%cal
Ge1e8] and black is drawing the game by perpetular check while white captures
the bishop.}) 33... Qb4 $1 {[%cal Gb4e1]} 34. Qe5+ (34. Qd2 a5) (34. Qg3 Qd4)
34... f6 35. Qg3 Qd4 $1 {[%cal Rd8b6,Gd4e5,Gg7f7,Ya6a5,Yb7b5]} 36. Ne2 Qe5 37.
Nf4 a5 $1 (37... g5 38. Nd3 $1 Qxg3+ $2 39. Kxg3 {[%cal Rd3c5,Yc5b7,Yc5e6]} b6
40. Nb4 {[%cal Gb4c6]}) 38. h4 (38. Nd3 Qxg3+ 39. Kxg3 b6 {[%csl Rd3][%cal
Gg7f7,Gf7e6]}) 38... a4 39. h5 (39. Nd3 Qxg3+ 40. Kxg3 Kf7 $1 (40... a3 41. Nc5
a2 42. Ne6+ $1 (42. Nxb7 Bb6 43. d8=Q Bxd8 44. Nxd8 a1=Q 45. Ne6+ Kf7 46. d7
Qe1+ $1 $19) 42... Kg8 43. Nxd8 a1=Q 44. Nxb7 $13) 41. Nc5 b6 42. Nxa4 (42. Nb7
Ke6 43. Nxd8+ Kxd7 {[%cal Ga4a3]}) 42... Ke6 $19) 39... g5 40. Nd3 Qxg3+ (40...
Qd4 $19) 41. Kxg3 Kf7 $1 (41... a3 42. Nc5 a2 43. Ne6+ Kg8 44. Nxd8 a1=Q 45.
Nxb7 $13) 42. Nc5 (42. Kg4 a3 43. Nb4 (43. Nc5 b6 $1 44. Nb7 Ke6 45. Nxd8+ Kxd7
$19) 43... Ke6 $19) 42... b6 $1 (42... a3 43. Nxb7 Ke6 44. Nxd8+ Kxd7 45. Nb7
a2 46. Nc5+ {[%cal Gc5b3]}) 43. Nxa4 Ke6 {And now few technical skills
requared.} 44. Kf3 f5 45. Nc3 Kxd6 46. g4 fxg4+ {That's better then:} (46... f4
) 47. Kxg4 Kxd7 48. Ne4 (48. Kf5 Kc6 {[%cal Gb6b5]}) 48... Ke6 49. h6 b5 0-1